Statistiken für Autobahnausfahrten der BAB1

Klicken Sie hier um das Quiz zu spielen!

Allgemein

  • Dieses Quiz wurde 42 mal gespielt
  • Das Durchschnittsergebnis liegt bei 39 aus 148

Antwortstatistiken

AusfahrtName% Korrekt
57Bremen/Brinkum
70%
72Kreuz Lotte/Osnabrück
65%
75Flughafen Münster/Osnabrück
59%
84Kreuz Dortmund/Unna
51%
98Kreuz Leverkusen
51%
81Hamm/Bergkamen
49%
110bEuskirchen
43%
38Hamburg-Harburg
43%
84Unna
43%
53Bremer Kreuz
41%
104Kreuz Köln-West
41%
95bRemscheid
41%
64Vechta
41%
103Köln-Lövenich
38%
101Kreuz Köln-Nord
38%
21Bad Schwartau
35%
63Cloppenburg
35%
119Daun
35%
104Frechen
35%
82Kamener Kreuz
35%
100Köln-Niehl
35%
31Kreuz Hamburg-Ost
35%
28Ahrensburg
32%
26Bad Oldesloe
32%
27Bargteheide
32%
56Bremen-Arsten
32%
97Burscheid
32%
76Greven
32%
59Groß Ippener
32%
88Hagen-West
32%
39Maschener Kreuz
32%
51Posthausen
32%
85Schwerte
32%
96Wermelskirchen
32%
58aDreieck Stuhr
30%
15Eutin
30%
118Gerolstein
30%
90Gevelsberg
30%
87Hagen-Nord
30%
106Hürth
30%
143Kreuz Saarbrücken
30%
52Oyten
30%
16Scharbeutz
30%
140Tholey
30%
49Bockel
27%
68Bramsche
27%
58bDelmenhorst-Ost
27%
35Dreieck Hamburg-Südost
27%
130Dreieck Moseltal
27%
120Dreieck Vulkaneifel
27%
108Erftstadt
27%
33Hamburg-Billstedt
27%
37Hamburg-Stillhorn
27%
6Heiligenhafen-Mitte
27%
5Heiligenhafen-Ost
27%
133Hermeskeil
27%
145Holz
27%
40Horster Dreieck
27%
102Köln-Bocklemünd
27%
24Kreuz Lübeck
27%
77Kreuz Münster-Nord
27%
78Kreuz-Münster-Süd
27%
92Kreuz Wuppertal-Nord
27%
65Lohne/Dinklage
27%
112Mechernich
27%
113Nettersheim
27%
70Osnabrück-Nord
27%
44Rade
27%
127Salmtal
27%
47Sittensen
27%
29Stapelfeld
27%
54Uphusen/Bremen-Mahndorf
27%
60Wildeshausen-Nord
27%
61Wildeshausen-West
27%
125Wittlich-Mitte
27%
30Barsbüttel
24%
55Bremen-Hemelingen
24%
62Dreieck Ahlhorner Heide
24%
36Dreieck Norderelbe
24%
141Eppelborn
24%
34Hamburg-Moorfleet
24%
142Illingen
24%
27Kreuz Bargteheide
24%
109Kreuz Bliesheim
24%
99Kreuz Leverkusen-West
24%
126Kreuz Wittlich
24%
22Lübeck-Zentrum
24%
71Osnabrück-Hafen
24%
138Primstal
24%
18Ratekau
24%
25Reinfeld
24%
41Seevetal-Hittfeld
24%
50Stuckenborstel
24%
86Westhofener Kreuz
24%
94Wuppertal-Ronsdorf
24%
62Ahlhorner Heide
22%
79bAscheberg
22%
114Blankenheim
22%
137Braunshausen
22%
43Buchholzer Dreieck
22%
20Dreieck Bad Schwartau
22%
135Dreieck Nonnweiler
22%
48Elsdorf
22%
128Föhren
22%
32Hamburg-Öjendorf
22%
80Hamm-Bockum/Werne
22%
46Heidenau
22%
66Holdorf
22%
74Ladbergen
22%
73Lengerich
22%
12Lensahn
22%
23Lübeck-Moisling
22%
14Neustadt-Mitte
22%
95aRemscheid-Lennep
22%
146Riegelsberg
22%
148Saarbrücken-Von der Heydt
22%
89Volmarstein
22%
107Dreieck Erfttal
19%
123Hasborn
19%
45Hollenstedt
19%
83Kamen-Zentrum
19%
79aMünster-Hiltrup
19%
17Pansdorf
19%
19Sereetz
19%
111Wisskirchen
19%
93Wuppertal-Langerfeld
19%
122Manderscheid
16%
121Mehren
16%
131Mehring
16%
67Neuenkirchen-Vörden
16%
13Neustadt-Pelzerhaken
16%
134Nonnweiler-Bierfeld
16%
10Oldenburg-Mitte
16%
9Oldenburg-Nord
16%
11Oldenburg-Süd
16%
136Otzenhausen
16%
129Schweich
16%
110aWeilerswist-West
16%
42Buchholz-Dibbersen
14%
7Gremersdorf
14%
117Kelberg
14%
132Reinsfeld
14%
139Tholey-Hasborn
14%
8Jahnshof
11%
144Quierschied
11%
147Saarbrücken-Neuhaus
11%
105Gleuel
8%
150Saarbrücken-Burbach
8%

Verteilung der Resultate

Perzentil nach korrekt beantworteten Fragen

Anzahl Personen mit jedem Resultat

Ihre Resultats-Entwicklung

Sie haben dieses Quiz noch nicht gespielt